000 00652nam a22002057a 4500
005 20240730125539.0
008 230522b |||||||| |||| 00| 0 eng d
020 _a9788126531875
082 _a697
_bMCQ-H
100 _aMcQuiston, Faye.C
245 _aHeating,Ventilating And Air Conditioning Analysis and Design /
_cby Faye. C McQuiston, Jerald D. Parker and Jeffrey D. Spitler
250 _a6th ed.
260 _aUSA :
_bJohn Wily & Sons ;
_cc 2005 .
300 _axviii, 623 p. :
_c25 cm.
500 _aIncludes Index
650 _aMechanical / Engineering
700 _a Parker, Jerald D.
700 _aSpitler, Jeffrey D.
999 _c18382
_d18382